|
|
|
|
| LEADER |
00000cam a2200000 4500 |
| 001 |
vtls011969719 |
| 003 |
SK-MaSNL |
| 005 |
20260301190333.0 |
| 008 |
210701s2019 gw grn 000 0 eng |
| 015 |
|
|
|a SNBZSA2021/02
|
| 020 |
|
|
|a 9783631745502
|q (viazané)
|
| 022 |
|
|
|a 2364-7558
|
| 035 |
|
|
|a urn:nbn:sk:snk-am00fg44
|
| 035 |
|
|
|a urn:nbn:sk:snk-am3isgk
|
| 035 |
|
|
|a 759FFB78-A02C-41C0-8417-E5F157B108D0
|
| 040 |
|
|
|a SNK
|b slo
|c SNK
|e rda
|
| 041 |
0 |
|
|a eng
|
| 044 |
|
|
|a gw
|c DE
|
| 072 |
|
7 |
|a 81
|x Lingvistika. Jazyky
|2 konspekt
|
| 080 |
|
|
|a 81
|2 2011
|
| 080 |
|
|
|a 82
|2 2011
|
| 080 |
|
|
|a 316.7
|2 2011
|
| 080 |
|
|
|a 81:316.7
|2 2011
|
| 080 |
|
|
|a 81'27
|2 2011
|
| 080 |
|
|
|a (048.8)
|2 2011
|
| 245 |
0 |
4 |
|a The reflection of man and culture in language and literature
|c Mária Matiová, Martin Navrátil (eds.)
|
| 264 |
|
1 |
|a Berlin
|b Peter Lang
|c 2019
|
| 300 |
|
|
|a 312 strán
|c 22 cm
|
| 336 |
|
|
|a text
|b txt
|2 rdacontent
|
| 337 |
|
|
|a bez média
|b n
|2 rdamedia
|
| 338 |
|
|
|a zväzok
|b nc
|2 rdacarrier
|
| 490 |
1 |
|
|a Studies in linguistics, anglophone literature and cultures
|v Volume 13
|
| 500 |
|
|
|a Obsahuje poznámky pod čiarou
|
| 504 |
|
|
|a Obsahuje bibliografiu
|
| 650 |
0 |
7 |
|a jazyk
|2 SNKPH
|9 22980
|
| 650 |
0 |
7 |
|a Language
|2 SNKPHeng
|9 266532
|
| 650 |
0 |
7 |
|a literatúra
|2 SNKPH
|9 1427
|
| 650 |
0 |
7 |
|a Literature
|2 SNKPHeng
|9 265137
|
| 650 |
0 |
7 |
|a kultúra
|2 SNKPH
|9 886
|
| 650 |
0 |
7 |
|a Culture
|2 SNKPHeng
|9 265082
|
| 650 |
0 |
7 |
|a jazyk a kultúra
|2 SNKPH
|9 66827
|
| 650 |
0 |
7 |
|a Language, culture and society
|2 SNKPHeng
|9 303467
|
| 650 |
0 |
7 |
|a sociolingvistika
|2 SNKPH
|9 869
|
| 650 |
0 |
7 |
|a Sociolinguistics
|2 SNKPHeng
|9 312726
|
| 655 |
|
7 |
|a štúdie
|2 SNKPH
|9 57033
|
| 655 |
|
7 |
|a Studies
|2 SNKPHeng
|9 265573
|
| 700 |
1 |
|
|a Matiová, Mária
|4 edt
|9 565470
|
| 700 |
1 |
|
|a Navrátil, Martin,
|d 1991-
|4 edt
|9 218520
|
| 830 |
|
0 |
|a Studies in linguistics, anglophone literature and cultures
|9 565471
|
| 919 |
|
|
|a 978-3-631-74550-2
|
| 958 |
|
|
|a OND
|
| 958 |
|
|
|a ZS
|
| 958 |
|
|
|a NB
|
| 999 |
|
|
|c 867117
|d 869047
|
| 952 |
|
|
|a SNK
|b SNK
|y PREZ
|7 0
|p 17A1425674
|o snkSC 188799
|i snk2020/8618
|8 3
|g 79.13
|0 0
|1 0
|4 0
|d 2020-05-27
|f 1
|l 0
|r 2025-10-06 00:00:00
|w 2026-02-24
|